| 000 | 00430nam a2200157Ia 4500 | ||
|---|---|---|---|
| 005 | 20250318110242.0 | ||
| 008 | 231217s9999 xx 000 0 und d | ||
| 020 | _a9788174465191 | ||
| 082 | _a658.3 SEN;1 R | ||
| 100 | _aSengupta, Nilanjan. Bhattacharya, Mousumi S. | ||
| 245 | 0 | _aInternational human resource management | |
| 260 |
_c2007 _bExell Books _aNew Delhi |
||
| 300 | _axv+322 | ||
| 650 | _amanagement | ||
| 942 | _cAA | ||
| 999 |
_c183077 _d183077 |
||